00261 a2200097 4500020001500000024001800015082001700033100004100050245006400091300000800155 a8189265038 a9788189265038 a658.4013 RAM aRampersad, Hubert K. El-Homsi, Anwer aTPS-Lean Six SigmabLinking HUman Capital to Lean Six Sigma a373